| 000 -LEADER |
| fixed length control field |
03864cam a2200673 i 4500 |
| 001 - CONTROL NUMBER |
| control field |
1038943933304786 |
| 003 - CONTROL NUMBER IDENTIFIER |
| control field |
OSt |
| 005 - DATE AND TIME OF LATEST TRANSACTION |
| control field |
20240120153112.0 |
| 008 - FIXED-LENGTH DATA ELEMENTS--GENERAL INFORMATION |
| fixed length control field |
181221t20202020nyu c 000 f eng |
| 010 ## - LIBRARY OF CONGRESS CONTROL NUMBER |
| LC control number |
2018060246 |
| 020 ## - INTERNATIONAL STANDARD BOOK NUMBER |
| International Standard Book Number |
9781524715700 |
| Qualifying information |
(hardback) |
| 035 ## - SYSTEM CONTROL NUMBER |
| System control number |
(OCoLC)1080251044 |
| Canceled/invalid control number |
(OCoLC)1135982640 |
| -- |
(OCoLC)1136082180 |
| -- |
(OCoLC)1237705935 |
| -- |
(OCoLC)1243169240 |
| 035 ## - SYSTEM CONTROL NUMBER |
| System control number |
(OCoLC)on1080251044 |
| 040 ## - CATALOGING SOURCE |
| Original cataloging agency |
DLC |
| Language of cataloging |
eng |
| Description conventions |
rda |
| Transcribing agency |
DLC |
| Modifying agency |
BDX |
| -- |
YDX |
| -- |
TOH |
| -- |
QX9 |
| -- |
RNL |
| -- |
NYP |
| -- |
VP@ |
| -- |
DPL |
| -- |
OCLCF |
| -- |
UKMGB |
| -- |
DLC |
| -- |
WIS |
| -- |
RIOSL |
| -- |
Z#6 |
| -- |
KYC |
| -- |
EHH |
| -- |
FWR |
| -- |
IIB |
| -- |
UND |
| -- |
CKK |
| -- |
SGB |
| -- |
KQX |
| -- |
SC1 |
| -- |
ORU |
| -- |
GGJ |
| -- |
PIT |
| -- |
OCLCO |
| -- |
IUL |
| -- |
GYG |
| -- |
XY4 |
| -- |
OCL |
| -- |
OCLCO |
| -- |
KH8 |
| 042 ## - AUTHENTICATION CODE |
| Authentication code |
nbic |
| 043 ## - GEOGRAPHIC AREA CODE |
| Geographic area code |
a-ko--- |
| 082 00 - DEWEY DECIMAL CLASSIFICATION NUMBER |
| Classification number |
FIC KEL |
| Edition number |
23 |
| 100 1# - MAIN ENTRY--PERSONAL NAME |
| Personal name |
Keller, Tae, |
| Relator term |
author. |
| Real World Object URI |
http://www.wikidata.org/entity/Q105077057. |
| 245 10 - TITLE STATEMENT |
| Title |
When you trap a tiger / |
| Statement of responsibility, etc. |
Tae Keller. |
| 250 ## - EDITION STATEMENT |
| Edition statement |
First Edition. |
| 264 #1 - PRODUCTION, PUBLICATION, DISTRIBUTION, MANUFACTURE, AND COPYRIGHT NOTICE |
| Place of production, publication, distribution, manufacture |
New York : |
| Name of producer, publisher, distributor, manufacturer |
Random House, |
| Date of production, publication, distribution, manufacture, or copyright notice |
[2020] |
| 264 #4 - PRODUCTION, PUBLICATION, DISTRIBUTION, MANUFACTURE, AND COPYRIGHT NOTICE |
| Date of production, publication, distribution, manufacture, or copyright notice |
©2020. |
| 300 ## - PHYSICAL DESCRIPTION |
| Extent |
297 pages ; |
| Dimensions |
22 cm. |
| 336 ## - CONTENT TYPE |
| Content type term |
text |
| Content type code |
txt |
| Source |
rdacontent. |
| 337 ## - MEDIA TYPE |
| Media type term |
unmediated |
| Media type code |
n |
| Source |
rdamedia. |
| 338 ## - CARRIER TYPE |
| Carrier type term |
volume |
| Carrier type code |
nc |
| Source |
rdacarrier. |
| 500 ## - GENERAL NOTE |
| General note |
"John Newberry Medal for the most distinguished contribution to American literature for children"--Front cover of jacket. |
| 500 ## - GENERAL NOTE |
| General note |
"Author of The Science of Breakable Things"--Front cover of jacket. |
| 520 ## - SUMMARY, ETC. |
| Summary, etc. |
Would you make a deal with a magical tiger? This uplifting story brings Korean folklore to life as a girl goes on a quest to unlock the power of stories and save her grandmother. Some stories refuse to stay bottled up. When Lily and her family move in with her sick grandmother, a magical tiger straight out of her halmoni's Korean folktales arrives, prompting Lily to unravel a secret family history. Long, long ago, Halmoni stole something from the tigers. Now they want it back. And when one of the tigers approaches Lily with a deal -- return what her grandmother stole in exchange for Halmoni's health -- Lily is tempted to agree. But deals with tigers are never what they seem! With the help of her sister and her new friend Ricky, Lily must find her voice and the courage to face a tiger. Tae Keller, the award-winning author of The Science of Breakable Things, shares a sparkling tale about the power of stories and the magic of family. Think Walk Two Moons meets Where the Mountain Meets the Moon! -- |
| Assigning source |
Publisher. |
| 520 ## - SUMMARY, ETC. |
| Summary, etc. |
"When Lily, her sister Sam, and their mother move in with her sick grandmother, Lily traps a tiger and makes a deal with him to heal Halmoni." -- |
| Assigning source |
(Source of summary not specified) |
| 521 8# - TARGET AUDIENCE NOTE |
| Target audience note |
590 |
| Source |
L. |
| 586 ## - AWARDS NOTE |
| Awards note |
Boston Globe - Horn Book Honor Award, 2020. |
| 586 ## - AWARDS NOTE |
| Awards note |
Newbery Medal, 2021. |
| 586 ## - AWARDS NOTE |
| Awards note |
Asian/Pacific American Award for Children's Literature (American Library Association) 2021. |
| 650 #0 - SUBJECT ADDED ENTRY--TOPICAL TERM |
| Topical term or geographic name entry element |
Sisters |
| Form subdivision |
Juvenile fiction. |
| 650 #0 - SUBJECT ADDED ENTRY--TOPICAL TERM |
| Topical term or geographic name entry element |
Grandmothers |
| Form subdivision |
Juvenile fiction. |
| 650 #0 - SUBJECT ADDED ENTRY--TOPICAL TERM |
| Topical term or geographic name entry element |
Storytelling |
| Form subdivision |
Juvenile fiction. |
| 650 #0 - SUBJECT ADDED ENTRY--TOPICAL TERM |
| Topical term or geographic name entry element |
Sick |
| Form subdivision |
Juvenile fiction. |
| 650 #0 - SUBJECT ADDED ENTRY--TOPICAL TERM |
| Topical term or geographic name entry element |
Tiger |
| Form subdivision |
Juvenile fiction. |
| 650 #0 - SUBJECT ADDED ENTRY--TOPICAL TERM |
| Topical term or geographic name entry element |
Korean Americans |
| Form subdivision |
Juvenile fiction. |
| 650 #0 - SUBJECT ADDED ENTRY--TOPICAL TERM |
| Topical term or geographic name entry element |
Children's stories. |
| 650 #1 - SUBJECT ADDED ENTRY--TOPICAL TERM |
| Topical term or geographic name entry element |
Sisters |
| Form subdivision |
Fiction. |
| 650 #1 - SUBJECT ADDED ENTRY--TOPICAL TERM |
| Topical term or geographic name entry element |
Grandmothers |
| Form subdivision |
Fiction. |
| 650 #1 - SUBJECT ADDED ENTRY--TOPICAL TERM |
| Topical term or geographic name entry element |
Storytelling |
| Form subdivision |
Fiction. |
| 650 #1 - SUBJECT ADDED ENTRY--TOPICAL TERM |
| Topical term or geographic name entry element |
Sick |
| Form subdivision |
Fiction. |
| 650 #1 - SUBJECT ADDED ENTRY--TOPICAL TERM |
| Topical term or geographic name entry element |
Tiger |
| Form subdivision |
Fiction. |
| 650 #1 - SUBJECT ADDED ENTRY--TOPICAL TERM |
| Topical term or geographic name entry element |
Korean Americans |
| Form subdivision |
Fiction. |
| 650 #7 - SUBJECT ADDED ENTRY--TOPICAL TERM |
| Topical term or geographic name entry element |
Children's stories. |
| Source of heading or term |
fast |
| Authority record control number or standard number |
(OCoLC)fst00856632. |
| 650 #7 - SUBJECT ADDED ENTRY--TOPICAL TERM |
| Topical term or geographic name entry element |
Grandmothers. |
| Source of heading or term |
fast |
| Authority record control number or standard number |
(OCoLC)fst00946353. |
| 650 #7 - SUBJECT ADDED ENTRY--TOPICAL TERM |
| Topical term or geographic name entry element |
Korean Americans. |
| Source of heading or term |
fast |
| Authority record control number or standard number |
(OCoLC)fst00988587. |
| 650 #7 - SUBJECT ADDED ENTRY--TOPICAL TERM |
| Topical term or geographic name entry element |
Sick. |
| Source of heading or term |
fast |
| Authority record control number or standard number |
(OCoLC)fst01118032. |
| 650 #7 - SUBJECT ADDED ENTRY--TOPICAL TERM |
| Topical term or geographic name entry element |
Sisters. |
| Source of heading or term |
fast |
| Authority record control number or standard number |
(OCoLC)fst01119758. |
| 650 #7 - SUBJECT ADDED ENTRY--TOPICAL TERM |
| Topical term or geographic name entry element |
Storytelling. |
| Source of heading or term |
fast |
| Authority record control number or standard number |
(OCoLC)fst01134169. |
| 650 #7 - SUBJECT ADDED ENTRY--TOPICAL TERM |
| Topical term or geographic name entry element |
Tiger. |
| Source of heading or term |
fast |
| Authority record control number or standard number |
(OCoLC)fst01754648. |
| 655 #7 - INDEX TERM--GENRE/FORM |
| Genre/form data or focus term |
Novels. |
| Source of term |
fast |
| Authority record control number or standard number |
(OCoLC)fst01921742. |
| 655 #7 - INDEX TERM--GENRE/FORM |
| Genre/form data or focus term |
Fiction. |
| Source of term |
fast |
| Authority record control number or standard number |
(OCoLC)fst01423787. |
| 655 #7 - INDEX TERM--GENRE/FORM |
| Genre/form data or focus term |
Juvenile works. |
| Source of term |
fast |
| Authority record control number or standard number |
(OCoLC)fst01411637. |
| 942 ## - ADDED ENTRY ELEMENTS (KOHA) |
| Source of classification or shelving scheme |
|
| Koha item type |
Books - Fiction |